Statistiques concernant Les plus grandes villes du Brésil

Cliquez ici pour prendre le quiz!

Statistiques générales

  • Ce quiz a été pris 327 fois
  • Le résultat moyen est 10 sur 20

Statistiques - réponses

Nombre d'habitantsVilles% Correct
6 320 446Rio de Janeiro
100%
11 253 503São Paulo
99%
2 570 160Brasília
95%
2 375 151Belo Horizonte
79%
1 802 014Manaus
74%
1 537 704Recife
74%
2 675 656Salvador
71%
2 452 185Fortaleza
69%
1 409 351Porto Alegre
66%
1 393 399Belém
56%
1 751 907Curitiba
48%
803 811Natal
29%
1 014 837São Luís
25%
1 080 113Campinas
24%
1 302 001Goiânia
20%
932 608Maceió
11%
1 221 979Guarulhos
10%
814 230Teresina
10%
855 048Duque de Caxias
7%
999 728São Gonçalo
6%

Distribution des résultats

Percentile par nombre de réponses

% des personnes avec chaque résultat

Votre développement - résultats

Vous n’avez pas pris ce quiz